[Event "Berkeley CC Capablanca FNM; 30/90, SD/3"]
[Site "Berkeley"]
[Date "2011.10.14"]
[Round "5.1"]
[White "Sanchez, Miguel"]
[Black "Gaffagan, Steven"]
[Result "1-0"]
[WhiteElo "2320"]
[BlackElo "2072"]
[PlyCount "73"]
[EventDate "2011.??.??"]
[SourceDate "2007.10.22"]

1. e4 c6 2. Nc3 d5 3. Qf3 e6 4. d4 dxe4 5. Nxe4 Nf6 6. Nxf6+ Qxf6 7. Qxf6 gxf6
8. Nf3 Nd7 9. g3 b6 10. Bg2 Ba6 11. Bf4 Rc8 12. a4 Bc4 13. b3 Bb4+ 14. Bd2
Bxd2+ 15. Kxd2 Bd5 16. Rhe1 O-O 17. c4 Bxf3 18. Bxf3 c5 19. d5 Ne5 20. Bg2 Rfd8
21. Kc3 exd5 22. Bxd5 Nc6 23. Bxc6 Rxc6 24. Rad1 Rxd1 25. Rxd1 a5 26. Rd5 Kg7
27. Kd2 Re6 28. Rd3 h6 29. Re3 Rd6+ 30. Ke2 Kg6 31. Rd3 Re6+ 32. Kf3 f5 33. Rd8
Kf6 34. Rb8 Kg6 35. h3 Rf6 36. Rb7 Rd6 37. Kg2 {remainder illegible} 1-0

[Event "Blackburne Friday Night Marathon"]
[Site "Berkeley"]
[Date "2009.04.17"]
[Round "6.1"]
[White "Sauerwald, Thomas"]
[Black "Andries, W Craig"]
[Result "1/2-1/2"]
[WhiteElo "2152"]
[BlackElo "1867"]
[PlyCount "77"]
[EventDate "2009.??.??"]
[SourceDate "2007.10.22"]

1. e4 d6 2. d4 Nf6 3. Nc3 g6 4. f4 Bg7 5. Nf3 O-O 6. Bd3 c6 7. O-O Bg4 8. h3
Bxf3 9. Qxf3 e5 10. dxe5 dxe5 11. f5 Nbd7 12. Be3 Qa5 13. a3 b5 14. g4 h6 15.
Qf2 g5 16. a4 b4 17. Nb1 Qc7 18. Nd2 Rfd8 19. Rfd1 Bf8 20. Nc4 c5 21. a5 Rab8
22. Qh2 Re8 23. Bf2 Qc6 24. Qg2 Qc7 25. Ne3 Rbd8 26. Bc4 Nb8 27. Nd5 Nxd5 28.
Bxd5 Nc6 29. h4 Nd4 30. c3 Ne2+ 31. Kf1 Nf4 32. Qh2 Rxd5 33. exd5 e4 34. Be3
Bd6 35. Qh1 Qe7 36. hxg5 hxg5 37. Qh6 f6 38. cxb4 (38. Kf2 Qg7 39. Qxg7+ Kxg7
40. cxb4 cxb4 41. Bxa7) 38... cxb4 39. Rac1 1/2-1/2

[Event "BCC Championship"]
[Site "Berkeley"]
[Date "2008.12.12"]
[Round "7.1"]
[White "Sauerwald, Thomas"]
[Black "Jahedi, Salar"]
[Result "1/2-1/2"]
[WhiteElo "2224"]
[BlackElo "2082"]
[PlyCount "111"]
[EventDate "2008.??.??"]
[SourceDate "2007.10.22"]

1. e4 e6 2. d4 d5 3. Nc3 Nf6 4. Bg5 dxe4 5. Nxe4 Be7 6. Bxf6 Bxf6 7. Nf3 O-O 8.
Qd2 b6 9. O-O-O Bb7 10. Qf4 Nd7 11. Bd3 Be7 12. h4 Rc8 13. Kb1 c5 14. dxc5 bxc5
15. Bb5 Bc6 16. Bxc6 Rxc6 17. Ne5 Rc7 18. Rd2 Qc8 19. h5 f5 20. Ng6 Nf6 21.
Nxe7+ Rxe7 22. Nxf6+ Rxf6 23. h6 Rxh6 24. Rxh6 gxh6 25. Qxh6 Qe8 26. Rd3 Rg7
27. g3 Rd7 28. Qg5+ Kf8 29. Qh6+ Kg8 30. Qg5+ Kf8 31. Qe3 Rxd3 32. Qxc5+ Kf7
33. cxd3 Qd7 34. d4 Qa4 35. a3 Kg6 36. Ka2 Qa6 37. d5 exd5 38. Qxd5 Kf6 39.
Qd4+ Kg6 40. a4 Qb7 41. b3 Qe7 42. Qe3 Qc7 43. Qe6+ Kg5 44. Qc4 Qd7 45. Qf4+
Kg6 46. Qe3 Qc7 47. Kb2 Qg7+ 48. Kc2 Qc7+ 49. Kd3 Qa5 50. Kc4 Qa6+ 51. Kb4 Qd6+
52. Qc5 Qd2+ 53. Kb5 Qd3+ 54. Ka5 Qxb3 55. Qxa7 Qd5+ 56. Kb4 1/2-1/2

[Event "Blackburne Friday Night Marathon"]
[Site "Berkeley"]
[Date "2009.04.10"]
[Round "5.1"]
[White "Sauerwald, Thomas"]
[Black "Krasnov, Steven L"]
[Result "1-0"]
[WhiteElo "2152"]
[BlackElo "1941"]
[PlyCount "79"]
[EventDate "2009.??.??"]
[SourceDate "2007.10.22"]

1. e4 c5 2. Nc3 d6 3. f4 Nc6 4. Nf3 e6 5. g3 g6 6. d4 cxd4 7. Nxd4 a6 8. Be3
Bg7 9. Qd2 Nge7 10. O-O-O d5 11. Qf2 O-O 12. Bg2 Qd7 13. Kb1 Rd8 14. h3 b5 15.
Nxc6 Qxc6 16. Bd4 f6 17. Bc5 Qc7 18. Bb6 Qd6 19. Bxd8 Qxd8 20. exd5 Rb8 21. d6
Nf5 22. d7 Bb7 23. Qa7 Bxg2 24. Qxb8 Qxb8 25. d8=Q+ Qxd8 26. Rxd8+ Bf8 27. Rh2
Bc6 28. g4 Nd6 29. Rd2 Nc4 30. Re2 Kf7 31. Rxf8+ Kxf8 32. Rxe6 Bb7 33. Rxf6+
Ke7 34. g5 Nd6 35. a3 Bg2 36. h4 a5 37. b4 axb4 38. axb4 Bc6 39. Kc1 Bd7 40.
Nd5+ 1-0

[Event "Blackburne Friday Night Marathon"]
[Site "Berkeley"]
[Date "2009.03.13"]
[Round "1"]
[White "Sauerwald, Thomas"]
[Black "Landrum, Brett John"]
[Result "1-0"]
[WhiteElo "2152"]
[BlackElo "1436"]
[PlyCount "55"]
[EventDate "2009.??.??"]
[SourceDate "2007.10.22"]

1. e4 e5 2. Nf3 Nc6 3. Bb5 Nge7 4. O-O a6 5. Ba4 d6 6. c3 Bd7 7. d4 exd4 8.
cxd4 Ng6 9. Re1 Be7 10. h3 O-O 11. Nc3 b5 12. Bc2 Nh4 13. Be3 Nxf3+ 14. Qxf3
Bg5 15. Rad1 Na5 16. b3 Nc6 17. e5 dxe5 18. dxe5 Nxe5 19. Qh5 h6 20. Bxg5 Qxg5
21. Qxg5 hxg5 22. Rxe5 f6 23. Re7 Be8 24. Rxc7 Bh5 25. Rdd7 Bf7 26. Be4 Rae8
27. Bd5 Bxd5 28. Rxg7+ 1-0

[Event "BCC Annual Championship"]
[Site "?"]
[Date "2008.10.24"]
[Round "1.1"]
[White "Sauerwald, Thomas"]
[Black "Seidel, Michael"]
[Result "1-0"]
[WhiteElo "2224"]
[BlackElo "1456"]
[PlyCount "79"]
[EventDate "2008.??.??"]
[SourceDate "2007.10.22"]

1. e4 e5 2. Nf3 Nc6 3. Bb5 a6 4. Bxc6 dxc6 5. O-O Bg4 6. h3 h5 7. d3 f5 8. exf5
e4 9. dxe4 Qxd1 10. Rxd1 Bxf3 11. gxf3 Bd6 12. Be3 O-O-O 13. Nd2 Nf6 14. Nc4
Be7 15. Kf1 Nh7 16. Ke2 Rhe8 17. Rxd8+ Kxd8 18. Rd1+ Kc8 19. b3 Ng5 20. Rg1
Nxh3 21. Rg3 b5 22. Nb2 Nxf2 23. Bxf2 h4 24. Rh3 Rh8 25. Nd3 Bf6 26. e5 Bg5 27.
f4 Be7 28. Kf3 Kd8 29. Bc5 a5 30. Kg4 Kd7 31. Bxe7 Kxe7 32. Rxh4 Rd8 33. Rh7
Kf7 34. Kg5 Kg8 35. Kg6 Rd7 36. Nc5 Rd2 37. Rxg7+ Kf8 38. Ne6+ Ke8 39. Kf6 Rxc2
40. Re7# 1-0

[Event "Blackburne Friday Night Marathon"]
[Site "Berkeley"]
[Date "2009.03.27"]
[Round "3.1"]
[White "Sauerwald, Thomas"]
[Black "Sowell, Nelson M"]
[Result "1-0"]
[WhiteElo "2152"]
[BlackElo "1720"]
[PlyCount "101"]
[EventDate "2009.??.??"]
[SourceDate "2007.10.22"]

1. e4 Nf6 2. e5 Nd5 3. d4 d6 4. c4 Nb6 5. exd6 exd6 6. Nc3 Be7 7. Bd3 Nc6 8.
Nge2 O-O 9. O-O Nb4 10. Bb1 Bg4 11. b3 a5 12. a3 Nc6 13. Qd3 g6 14. Ba2 Bf5 15.
Qf3 Bf6 16. Be3 Re8 17. Rac1 Bg7 18. Rfd1 Qh4 19. h3 Qf6 20. Qg3 h6 21. d5 Ne5
22. Bd4 Qe7 23. a4 Kh7 24. Bb1 Bxb1 25. Rxb1 Ned7 26. Be3 Rac8 27. Nb5 Be5 28.
Qf3 Qf6 29. Qxf6 Bxf6 30. Kf1 Na8 31. Bd2 b6 32. Bc3 Bxc3 33. Nbxc3 g5 34. Nd4
Rcd8 35. Nc6 Rc8 36. Re1 Kg7 37. Nb5 Rxe1+ 38. Rxe1 Nc5 39. Nbd4 Kf6 40. g4 Nd3
41. Re3 Nf4 42. Ne2 Rh8 43. Nxf4 gxf4 44. Re4 Kg5 45. Nd4 b5 46. Nf3+ Kg6 47.
axb5 Nb6 48. Rxf4 Ra8 49. Nh4+ Kg5 50. Rf5+ Kxh4 51. Kg2 1-0

[Event "BCC Annual Championship"]
[Site "?"]
[Date "2008.11.07"]
[Round "3.11"]
[White "Sauerwald, Thomas"]
[Black "Watson, Farid"]
[Result "1-0"]
[WhiteElo "2224"]
[BlackElo "1955"]
[PlyCount "79"]
[EventDate "2008.??.??"]
[SourceDate "2007.10.22"]

1. e4 g6 2. d4 Bg7 3. Nc3 d6 4. Nf3 Nf6 5. h3 O-O 6. Be3 c5 7. dxc5 Qa5 8. Nd2
Be6 9. Nb3 Qc7 10. cxd6 exd6 11. Be2 a6 12. O-O Re8 13. Bf3 Nc6 14. Nd5 Bxd5
15. exd5 Ne5 16. Bd4 Nfd7 17. Be2 Nb6 18. Re1 Rac8 19. c3 Bh6 20. Bf1 Nbd7 21.
g3 b5 22. f4 Nc4 23. Qc2 Ndb6 24. Nd2 Nxd2 25. Qxd2 Nxd5 26. a4 Qb8 27. Rxe8+
Rxe8 28. axb5 axb5 29. Ba7 Qb7 30. Bg2 Nxf4 31. gxf4 Qe7 32. Qf2 Qe2 33. Bd4
Qc4 34. Re1 Re6 35. Rxe6 fxe6 36. Qh4 e5 37. Qd8+ Kf7 38. Qxd6 Qe2 39. Bd5+ Ke8
40. Qe6+ 1-0

[Event "Berkeley CC FNM; 30/90, SD/30"]
[Site "Berkeley"]
[Date "2009.05.22"]
[Round "4.10"]
[White "Scherer, Samuel"]
[Black "Magganas, Alexander"]
[Result "0-1"]
[WhiteElo "1092"]
[BlackElo "1312"]
[PlyCount "32"]
[EventDate "2009.??.??"]
[SourceDate "2007.10.22"]

1. e4 e6 2. d4 d5 3. e5 c5 4. c3 Nc6 5. Nf3 Qb6 6. Qc2 Bd7 7. Be3 Rc8 8. Nbd2
cxd4 9. Bf4 Nb4 10. Qb3 dxc3 11. bxc3 Na6 12. Qxb6 axb6 13. c4 Nb4 14. Nd4 Bc5
15. N2b3 dxc4 16. Bxc4 Bxd4 0-1

[Event "Berkeley CC Colle FNM; 30/90, SD/30"]
[Site "Berkeley"]
[Date "2011.07.01"]
[Round "4.9"]
[White "Seidel, David"]
[Black "Sowell, Nelson M"]
[Result "1/2-1/2"]
[WhiteElo "1796"]
[BlackElo "1729"]
[PlyCount "101"]
[EventDate "2011.??.??"]
[SourceDate "2007.10.22"]

1. e4 Nf6 2. e5 Nd5 3. d4 d6 4. c4 Nb6 5. f4 dxe5 6. fxe5 Nc6 7. Nf3 Bg4 8. Be2
e6 9. c5 Nd5 10. Bb5 Be7 11. O-O O-O 12. Bxc6 bxc6 13. Qa4 a5 14. Nc3 Nb4 15.
Be3 Bf5 16. Ne1 Nd5 17. Nxd5 cxd5 18. Nf3 Qe8 19. Qb3 Qb8 20. Qc3 c6 21. Rae1
Qb7 22. Bc1 Rfb8 23. Rf2 Qb4 24. Qe3 Bg6 25. Ref1 Rb7 26. Ne1 Qc4 27. b3 Qa6
28. Qg3 a4 29. Bg5 Bf8 30. Nc2 axb3 31. axb3 Qd3 32. Qxd3 Bxd3 33. Ra1 Rba7 34.
Rxa7 Rxa7 35. Rd2 Be4 36. Nb4 Rb7 37. Nxc6 Rxb3 38. Ra2 h6 39. Bd8 Rb1+ 40. Kf2
g5 41. Ne7+ Bxe7 42. Bxe7 Kh7 43. Bd8 Rc1 44. Rb2 Kg6 45. Ba5 f5 46. exf6 Kxf6
47. Ke3 Rc2 48. Rxc2 Bxc2 49. c6 Ba4 50. c7 Bd7 51. g4 1/2-1/2

[Event "Purdy FNM; 30/90, SD/30"]
[Site "Berkeley"]
[Date "2010.01.29"]
[Round "4.5"]
[White "Seidel, David"]
[Black "Sowell, Nelson M"]
[Result "0-1"]
[WhiteElo "1798"]
[BlackElo "1750"]
[PlyCount "32"]
[EventDate "2010.??.??"]
[SourceDate "2007.10.22"]

1. e4 Nf6 2. e5 Nd5 3. d4 d6 4. c4 Nb6 5. f4 dxe5 6. fxe5 Nc6 7. Nf3 Bg4 8. Be3
e6 9. Be2 Bxf3 10. gxf3 Qh4+ 11. Bf2 Qf4 12. Qd2 Bb4 13. Nc3 Qxd2+ 14. Kxd2
O-O-O 15. a3 Be7 16. c5 Bxc5 0-1

[Event "David Pruess FNM; 30/90, SD/30"]
[Site "Berkeley"]
[Date "2008.10.10"]
[Round "6.7"]
[White "Seidel, Michael J"]
[Black "Magganas, Aristotle"]
[Result "1-0"]
[WhiteElo "1456"]
[BlackElo "1018"]
[PlyCount "39"]
[EventDate "2008.??.??"]
[SourceDate "2007.10.22"]

1. e4 e5 2. Nf3 Nc6 3. Bb5 a6 4. Ba4 Nf6 5. O-O Be7 6. Re1 b5 7. Bb3 d6 8. h3
O-O 9. c3 Na5 10. Bc2 c5 11. d4 Qc7 12. Nbd2 Re8 13. Nf1 Bf8 14. Ng3 Bb7 15.
Bg5 Rac8 16. Bxf6 gxf6 17. d5 Rcd8 18. Nh5 Bg7 19. Nh4 Bc8 20. Qf3 1-0

[Event "George Koltanowski Sunday Marathon"]
[Site "?"]
[Date "2007.11.18"]
[Round "5"]
[White "Seidel, Michael"]
[Black "Mann, Steven"]
[Result "1-0"]
[WhiteElo "1346"]
[BlackElo "1454"]
[Annotator ",Elizabeth"]
[PlyCount "77"]
[EventDate "2007.10.28"]
[SourceDate "2007.10.22"]

1. e4 e5 2. Nf3 Nc6 3. Bb5 a6 4. Ba4 Nf6 5. O-O Nxe4 6. d4 b5 7. Bb3 d5 8. Nxe5
Nxe5 9. dxe5 Be6 10. Re1 Bc5 11. Be3 Bxe3 12. Rxe3 c6 13. a3 Qg5 14. Nd2 Qxe5
15. c3 Rd8 16. Qe2 Qd6 17. Nxe4 dxe4 18. Bxe6 fxe6 19. Rxe4 Kf7 20. Re1 Rhe8
21. Qh5+ Kg8 22. Rh4 Qd3 23. h3 Qf5 24. Qe2 Rd6 25. Qe3 Qd3 26. Qc5 Qd2 27.
Rhe4 Qd5 28. Qb4 c5 29. Qa5 Qc6 30. c4 Qb6 31. Qc3 Rd4 32. cxb5 axb5 33. Re5 b4
34. axb4 Rxb4 35. Qxc5 Qxc5 36. Rxc5 Rxb2 37. Rce5 Kf7 38. R1e3 Kf6 39. R5e4 {
B flag fell} 1-0

[Event "BCC Grand ReOpening 2007"]
[Site "?"]
[Date "2007.09.30"]
[Round "4"]
[White "Seidel, Michael"]
[Black "Shaughnessy, Stephen"]
[Result "0-1"]
[WhiteElo "1346"]
[BlackElo "1678"]
[PlyCount "70"]
[EventDate "2007.??.??"]
[SourceDate "2007.10.22"]

1. e4 e5 2. Nf3 d5 3. Bb5+ c6 4. Bd3 Bd6 5. O-O Nf6 6. Nc3 Bg4 7. Re1 Nbd7 8.
Bf1 Qc7 9. d3 O-O-O 10. a3 Rdg8 11. b4 g5 12. b5 h5 13. a4 h4 14. a5 Bxf3 15.
Qxf3 g4 16. Qd1 g3 17. fxg3 hxg3 18. h3 Bc5+ 19. Kh1 Ng4 20. Re2 Ndf6 21. b6
Qd8 22. Ba3 Nf2+ 23. Rxf2 Bxf2 24. exd5 cxd5 25. Nb5 Ng4 26. Qf3 Be3 27. Qf5+
Qd7 28. Qxd7+ Kxd7 29. Be2 Nf2+ 30. Kg1 Nxh3+ 31. Kf1 Nf4 32. Ke1 Nxg2+ 33. Kf1
Nf4 34. Bf3 g2+ 35. Bxg2 Rxg2 0-1

[Event "George Koltanowski Sunday Marathon"]
[Site "?"]
[Date "2007.11.04"]
[Round "3"]
[White "Seidel, Michael"]
[Black "Svoboda, Steven"]
[Result "0-1"]
[WhiteElo "1346"]
[BlackElo "1900"]
[PlyCount "92"]
[EventDate "2007.10.28"]
[SourceDate "2007.10.22"]

1. e4 c5 2. c3 Nf6 3. e5 Nd5 4. d4 cxd4 5. cxd4 Nc6 6. Nf3 d6 7. Bc4 Nb6 8.
Bxf7+ Kxf7 9. Ng5+ Kg8 10. Qf3 Qe8 11. e6 Nd8 12. d5 h6 13. Nh3 Nc4 14. O-O Ne5
15. Qe2 Qg6 16. Nc3 Qd3 17. Qh5 Qg6 18. Qd1 Qd3 19. Qe1 Qxh3 20. f4 Nd3 21. Qe4
Nc5 22. gxh3 Nxe4 23. Nxe4 g6 24. f5 gxf5 25. Rxf5 Nxe6 26. dxe6 Bxe6 27. Rf3
Bg7 28. Rg3 Kh7 29. Bf4 Bxb2 30. Rb1 Bd4+ 31. Kf1 b6 32. Rb4 Ba1 33. Ke2 Rac8
34. Kd3 Bf5 35. Kd2 d5 36. Rb1 Bd4 37. Rb4 Bg7 38. Nc3 Bxc3+ 39. Rxc3 Rxc3 40.
Kxc3 Re8 41. Rb5 e6 42. h4 Rc8+ 43. Kd4 Rc4+ 44. Ke5 Re4+ 45. Kf6 Rxf4 46. Rb3
Bc2+ 0-1

[Event "BCC Grand ReOpening 2007"]
[Site "?"]
[Date "2007.10.07"]
[Round "5"]
[White "Seidel, Michael"]
[Black "Veres, Richard"]
[Result "1/2-1/2"]
[WhiteElo "1346"]
[BlackElo "1704"]
[PlyCount "53"]
[EventDate "2007.??.??"]
[SourceDate "2007.10.22"]

1. e4 e6 2. d4 d5 3. Nd2 c5 4. c3 cxd4 5. cxd4 dxe4 6. Nxe4 Nc6 7. Bb5 Qa5+ 8.
Nc3 Bb4 9. Bd2 Bxc3 10. Bxc6+ bxc6 11. Bxc3 Qd5 12. Qg4 Ne7 13. Nf3 Ba6 14. Ne5
f6 15. Qxg7 Qe4+ 16. Kd2 Qe2+ 17. Kc1 Rf8 18. Bb4 O-O-O 19. Qxe7 fxe5 20. Qxe6+
Rd7 21. Bxf8 Qxf2 22. Qe8+ Kc7 23. Qxe5+ Kb7 24. Qc5 Qe3+ 25. Kc2 Qd3+ 26. Kc1
Qe3+ 27. Kc2 1/2-1/2

[Event "Berkeley CC Ch2011 FNM; 30/90, SD/30"]
[Site "Berkeley"]
[Date "2011.12.16"]
[Round "7"]
[White "Shan, Jonathan"]
[Black "Colchero, Olie"]
[Result "0-1"]
[WhiteElo "1448"]
[BlackElo "1035"]
[PlyCount "56"]
[EventDate "2011.??.??"]
[SourceDate "2007.10.22"]

1. e4 c5 2. Nf3 Nc6 3. d4 cxd4 4. Nxd4 Nf6 5. Nc3 d6 6. Be3 e6 7. Be2 a6 8. Qd2
Bd7 9. O-O-O b5 10. f3 b4 11. Nb1 Qa5 12. Nxc6 Bxc6 13. a3 d5 14. e5 Nd7 15. f4
Rc8 16. Qe1 Ba4 17. Bd3 Qc7 18. Qe2 bxa3 19. Nxa3 Bxa3 20. bxa3 Qc3 21. Rdf1 d4
22. Bf2 Nc5 23. Bc4 Nb3+ 24. Bxb3 Bxb3 25. Bxd4 Qxd4 26. Rd1 Qa1+ 27. Kd2 Rxc2+
28. Kd3 Qc3+ 0-1

[Event "Berkeley CC Capablanca FNM; 30/90, SD/3"]
[Site "Berkeley"]
[Date "2011.09.30"]
[Round "3.13"]
[White "Shan, Jonathan"]
[Black "Deng, David"]
[Result "1-0"]
[WhiteElo "1448"]
[BlackElo "1414"]
[PlyCount "89"]
[EventDate "2011.??.??"]
[SourceDate "2007.10.22"]

1. e4 c6 2. d4 d5 3. exd5 cxd5 4. c3 e6 5. Nf3 Bd6 6. Be3 Nf6 7. Nbd2 Qb6 8.
Qc2 Nc6 9. Be2 Bd7 10. h3 Rc8 11. O-O Nb4 12. Qb3 Nc6 13. Qxb6 axb6 14. Rfe1
O-O 15. Bd3 h6 16. Rac1 Nh5 17. c4 Nf6 18. c5 bxc5 19. dxc5 Bb8 20. Bd4 Nxd4
21. Nxd4 Ba7 22. N2b3 Nh5 23. Nb5 Bxb5 24. Bxb5 Nf6 25. Rc2 Rc7 26. Rec1 Rfc8
27. c6 bxc6 28. Ba6 Rd8 29. Rxc6 Rxc6 30. Rxc6 Ne4 31. Rc2 d4 32. Bd3 Nf6 33.
Na5 Bb6 34. Nc6 Rd6 35. Ne7+ Kf8 36. Nc8 Rd7 37. Nxb6 Rb7 38. Nc4 Ke7 39. Na5
Rb6 40. Nc6+ Kd6 41. Nxd4 Kd5 42. Nb3 Kd6 43. Nd2 Nd5 44. Nc4+ Kc5 45. Nxb6+
1-0

[Event "Berkeley CC De Firmian FNM; 30/90, SD/30"]
[Site "Berkeley"]
[Date "2012.03.30"]
[Round "1.7"]
[White "Shan, Jonathan"]
[Black "Heifetz, Michael"]
[Result "0-1"]
[WhiteElo "1420"]
[BlackElo "1930"]
[PlyCount "56"]
[EventDate "2012.??.??"]

1. c4 e5 2. Nc3 d6 3. Nf3 Nf6 4. d3 h6 5. g3 c6 6. d4 e4 7. Nd2 d5 8. Bg2 Be7
9. O-O Be6 10. b3 Na6 11. a3 Qd7 12. Re1 Bh3 13. Bh1 h5 14. Nf1 h4 15. Bf4 Nh5
16. Be3 hxg3 17. hxg3 Bxf1 18. Rxf1 Qg4 19. Bg2 Bd6 20. Qd2 f5 21. cxd5 Nc7 22.
b4 Nxd5 23. Nxd5 cxd5 24. Rab1 f4 25. gxf4 Bxf4 26. Rfc1 Rh6 27. Qe1 Rg6 28.
Qf1 Ng3 0-1

[Event "Berkeley CC Christiansen FNM; 30/90, SD/"]
[Site "Berkeley"]
[Date "2012.06.01"]
[Round "4.10"]
[White "Shan, Jonathan"]
[Black "Landrum, Brett J"]
[Result "1-0"]
[WhiteElo "1409"]
[BlackElo "1604"]
[PlyCount "93"]
[EventDate "2012.??.??"]

1. e4 e5 2. Nf3 Nc6 3. Bb5 a6 4. Ba4 Nf6 5. O-O b5 6. Bb3 Bc5 7. d3 h6 8. Bd5
Nxd5 9. exd5 Ne7 10. Nxe5 Nxd5 11. Qf3 Qe7 12. Qxd5 c6 13. Nxc6 Qd6 14. Re1+
Kf8 15. Qxd6+ Bxd6 16. Nd4 Bc5 17. Nb3 Bb6 18. Nc3 Bb7 19. Be3 Bc7 20. f3 Kg8
21. Bf2 Rd8 22. Nc5 Bc8 23. Nd5 Bd6 24. Ne4 Bf8 25. Bb6 Re8 26. Nef6+ gxf6 27.
Nxf6+ Kg7 28. Nxe8+ Kg6 29. Bd4 Rh7 30. Nf6 Bg7 31. Nxh7 Bxd4+ 32. Kf1 Kxh7 33.
c3 Bf6 34. Re8 Bb7 35. Rb8 Bc6 36. Rb6 Bd8 37. Rxa6 Kg7 38. Re1 Bc7 39. Kf2 Bd8
40. Re8 Bg5 41. Rxc6 dxc6 42. Rc8 Bc1 43. b3 Bf4 44. Rxc6 Bb8 45. d4 Ba7 46.
Ra6 Bb8 47. Rb6 1-0

[Event "Berkeley CC Capablanca FNM; 30/90, SD/3"]
[Site "Berkeley"]
[Date "2011.10.14"]
[Round "5.12"]
[White "Shan, Jonathan"]
[Black "Lesquillier, Walter"]
[Result "0-1"]
[WhiteElo "1448"]
[BlackElo "1708"]
[PlyCount "56"]
[EventDate "2011.??.??"]
[SourceDate "2007.10.22"]

1. e4 c5 2. Nf3 g6 3. d4 cxd4 4. Nxd4 Bg7 5. c4 Nf6 6. Nc3 d6 7. Be2 O-O 8. Be3
Nc6 9. O-O Bd7 10. Qd2 Ng4 11. Bxg4 Bxg4 12. f3 Bd7 13. Kh1 Re8 14. a3 Na5 15.
Qd3 Qc8 16. b3 Bxd4 17. Bxd4 Nxb3 18. Rab1 Nxd4 19. Qxd4 Qc6 20. Nd5 b6 21. e5
Rec8 22. Rfc1 dxe5 23. Qxe5 Be6 24. Nb4 Qc5 25. Na6 Qxe5 26. Re1 Qa5 27. Nb4
Rxc4 28. Ra1 Rd8 0-1

[Event "Berkeley CC Ch2011 FNM; 30/90, SD/30"]
[Site "Berkeley"]
[Date "2011.11.18"]
[Round "3.13"]
[White "Shan, Jonathan"]
[Black "Magganas, Alexander"]
[Result "1/2-1/2"]
[WhiteElo "1448"]
[BlackElo "1655"]
[PlyCount "61"]
[EventDate "2011.??.??"]
[SourceDate "2007.10.22"]

1. e4 e6 2. d4 d5 3. Nd2 Nf6 4. e5 Nfd7 5. c4 dxc4 6. Bxc4 c5 7. Ngf3 cxd4 8.
Bb5 a6 9. Bxd7+ Nxd7 10. Nc4 b5 11. Nd6+ Bxd6 12. exd6 e5 13. Nxe5 Nxe5 14.
Qxd4 Qf6 15. Qe4 O-O 16. f4 Re8 17. O-O Ra7 18. fxe5 Qxe5 19. Qxe5 Rxe5 20. Bf4
Rd5 21. Rae1 Be6 22. Rd1 Rxd1 23. Rxd1 Kf8 24. a3 Ke8 25. Kf2 Kd7 26. Ke3 Ra8
27. Kd4 Rc8 28. Rd2 Rc4+ 29. Ke3 h6 30. h4 Bg4 31. g3 1/2-1/2

[Event "BCC Championship"]
[Site "Berkeley"]
[Date "2008.12.05"]
[Round "6.9"]
[White "Shaughnessy, Elizabeth"]
[Black "Agrawal, Rajat"]
[Result "1-0"]
[WhiteElo "1552"]
[BlackElo "1330"]
[PlyCount "59"]
[EventDate "2008.??.??"]
[SourceDate "2007.10.22"]

1. e4 e5 2. Nf3 Nc6 3. Bc4 Bc5 4. c3 Nf6 5. d3 d5 6. Bb5 Bg4 7. h3 Bxf3 8. Qxf3
dxe4 9. dxe4 h6 10. Nd2 Qe7 11. b4 Bb6 12. Nc4 O-O 13. O-O a6 14. Ba4 Ba7 15.
Bc2 b5 16. Ne3 Bxe3 17. Bxe3 Nd7 18. Qg4 Qe6 19. Qg3 Kh8 20. f4 Qg6 21. Qf2 f6
22. f5 Qe8 23. Bb3 Rb8 24. Qh4 Nd8 25. Bxh6 Nf7 26. Be3+ Kg8 27. Rf3 Qe7 28.
Rg3 c5 29. Be6 Rb7 30. Qh6 1-0

[Event "BCC Grand ReOpening 2007"]
[Site "?"]
[Date "2007.09.30"]
[Round "4"]
[White "Shaughnessy, Elizabeth"]
[Black "Anderson, Michael"]
[Result "0-1"]
[WhiteElo "1602"]
[BlackElo "1900"]
[PlyCount "28"]
[EventDate "2007.??.??"]
[SourceDate "2007.10.22"]

1. e4 c5 2. c3 Nf6 3. e5 Nd5 4. d4 cxd4 5. cxd4 b6 6. Bc4 Bb7 7. Qf3 e6 8. a3
Na6 9. Nc3 Nac7 10. Nxd5 Nxd5 11. Qg3 b5 12. Bxb5 Qa5+ 13. Bd2 Qxb5 14. b4 Ba6
0-1

[Event "BCC Josh Friedel Marathon"]
[Site "Berkeley"]
[Date "2008.08.01"]
[Round "4.12"]
[White "Shaughnessy, Elizabeth"]
[Black "Arbatman, Ilya"]
[Result "1-0"]
[WhiteElo "1618"]
[BlackElo "1360"]
[PlyCount "89"]
[EventDate "2008.??.??"]
[SourceDate "2007.10.22"]

1. e4 e5 2. d4 Nc6 3. d5 Nf6 4. dxc6 Bc5 5. cxd7+ Qxd7 6. Qxd7+ Bxd7 7. Be3 Bd6
8. Nd2 Ng4 9. Nc4 f5 10. Nxd6+ cxd6 11. O-O-O f4 12. h3 Nf6 13. Bd2 Nxe4 14.
Be1 O-O-O 15. f3 Nf6 16. Rxd6 e4 17. Bh4 Bc6 18. Rxf6 gxf6 19. Bxf6 Rhe8 20.
Bxd8 Kxd8 21. Ne2 exf3 22. Nxf4 Re1+ 23. Kd2 f2 24. Nd3 Bxg2 25. Nxe1 fxe1=Q+
26. Kxe1 Bxh1 27. Kf2 Bd5 28. a3 a6 29. Bg2 Bc6 30. Bxc6 bxc6 31. Ke3 Kc7 32.
Kf4 a5 33. Kg5 a4 34. Kh6 Kd6 35. Kxh7 Ke5 36. Kg6 c5 37. h4 c4 38. h5 Kd4 39.
h6 c3 40. bxc3+ Kxc3 41. h7 Kb2 42. h8=Q+ Kxa3 43. Qa1+ Kb4 44. c3+ Kb3 45. c4
1-0

[Event "Berkeley CC Ch2011 FNM; 30/90, SD/30"]
[Site "Berkeley"]
[Date "2011.12.09"]
[Round "6.11"]
[White "Shaughnessy, Elizabeth"]
[Black "Kenny, Michael"]
[Result "0-1"]
[WhiteElo "1582"]
[BlackElo "1815"]
[PlyCount "44"]
[EventDate "2011.??.??"]
[SourceDate "2007.10.22"]

1. e4 e6 2. d4 d5 3. exd5 exd5 4. Nf3 Nf6 5. Be2 Bf5 6. O-O h6 7. c4 c6 8. Nc3
Be7 9. Qa4 O-O 10. Qb3 Qb6 11. Qd1 Nbd7 12. Nh4 Bh7 13. Na4 Qd8 14. Qb3 Nb6 15.
Nc5 dxc4 16. Bxc4 Qxd4 17. Ne6 fxe6 18. Bxe6+ Kh8 19. Qg3 Qe4 20. Qh3 Nh5 21.
Nf3 Nf4 22. Bxf4 Qxf4 0-1

[Event "Berkeley CC De Firmian FNM; 30/90, SD/30"]
[Site "Berkeley"]
[Date "2012.04.13"]
[Round "3.10"]
[White "Shaughnessy, Eliza"]
[Black "Korts, David"]
[Result "1/2-1/2"]
[WhiteElo "1580"]
[BlackElo "1400"]
[PlyCount "38"]
[EventDate "2012.??.??"]

1. e4 e5 2. d4 exd4 3. Qxd4 Nc6 4. Qe3 Bb4+ 5. Nc3 Nf6 6. Bd2 O-O 7. O-O-O d6
8. Bd3 Re8 9. Qg3 Bg4 10. f3 Bh5 11. Nge2 d5 12. Bh6 Bg6 13. Bg5 Be7 14. exd5
Nxd5 15. Bxe7 Ncxe7 16. Bxg6 hxg6 17. Nxd5 Nxd5 18. Nf4 Nxf4 19. Qxf4 Qf6
1/2-1/2

[Event "Berkeley CC FNM; 30/90, SD/30"]
[Site "Berkeley"]
[Date "2009.05.08"]
[Round "2.4"]
[White "Shaughnessy, Elizabeth"]
[Black "Krasnov, Steven"]
[Result "1-0"]
[WhiteElo "1532"]
[BlackElo "1940"]
[PlyCount "49"]
[EventDate "2009.??.??"]
[SourceDate "2007.10.22"]

1. e4 c5 2. Nf3 e6 3. Bc4 Nc6 4. O-O d6 5. d4 cxd4 6. Nxd4 Nf6 7. Re1 Bd7 8.
Bg5 a6 9. c3 Rc8 10. Nd2 Be7 11. Bb3 O-O 12. N4f3 b5 13. a3 h6 14. Bh4 Qc7 15.
Nf1 Rfd8 16. Ng3 g5 17. Nxg5 hxg5 18. Bxg5 Nh7 19. Bh6 Ne5 20. Qh5 Bf6 21. Re3
Qc5 22. Nf5 exf5 23. Rg3+ Kh8 24. Bxf7 Be8 25. Rg8# 1-0